[Event "GER-chT U10"]
[Site "Magdeburg"]
[Date "2016.12.29"]
[Round "6.2"]
[White "Landsgesell, Simon"]
[Black "Moebis, Lucas"]
[Result "0-1"]
[WhiteElo "888"]
[BlackElo "600"]
[PlyCount "136"]
[EventDate "2016.12.27"]
[EventType "team-swiss"]
[EventRounds "7"]
[EventCountry "GER"]
[SourceTitle "EXT 2018"]
[Source "ChessBase"]
[SourceDate "2017.10.13"]
[SourceVersion "1"]
[SourceVersionDate "2017.10.13"]
[SourceQuality "1"]
[WhiteTeam "Heng Postbauer"]
[BlackTeam "Berlin Nord Ost II"]
[WhiteTeamCountry "GER"]
[BlackTeamCountry "GER"]

1. e4 e5 2. Nf3 Nc6 3. Nc3 Nf6 4. Bb5 d6 5. 0-0 Be7 6. d3 Bd7 7. Bxc6 Bxc6 8. Bg5 0-0 9. h3 h6 10. Bxf6 Bxf6 11. a3 Qc8 12. Qc1 Bd7 13. Rd1 Bxh3 14. gxh3 Qxh3 15. Ne2 Qxf3 16. Qe3 Qg4+ 17. Qg3 Qxg3+ 18. Nxg3 Bh4 19. Nf5 Bg5 20. b4 g6 21. Ng3 Bh4 22. Rf1 Rad8 23. Kh2 Bxg3+ 24. fxg3 d5 25. c4 dxe4 26. dxe4 Rd4 27. Rad1 Rxe4 28. Rd7 Rxc4 29. Kh3 Rc3 30. Kh4 f5 31. Re1 Rc4+ 32. Kh3 e4 33. g4 fxg4+ 34. Kxg4 e3+ 35. Kg3 Rf2 36. Rxe3 Rf7 37. Rxf7 Kxf7 38. Rf3+ Kg7 39. Rf1 Rc3+ 40. Kf4 Rxa3 41. Ke5 Rb3 42. Ke6 h5 43. Rg1 Rxb4 44. Rf1 Rb6+ 45. Ke7 a5 46. Rf7+ Kh6 47. Kd7 Kg5 48. Kxc7 Rf6 49. Rd7 b5 50. Rd5+ Rf5 51. Rd3 b4 52. Rb3 Rc5+ 53. Kb6 Rc3 54. Rb1 Kh4 55. Kxa5 Rf3 56. Kxb4 Kg3 57. Kc4 h4 58. Rg1+ Kf2 59. Rxg6 h3 60. Rh6 Rg3 61. Kd4 Kg2 62. Ke4 h2 63. Kf4 Rg7 64. Ra6 h1Q 65. Ra2+ Kh3 66. Ra3+ Kh4 67. Ra5 Qf1+ 68. Ke5 Rg5+ 0-1